[Event "SVK-chT4 A21 2223"]
[Site "Slovakia"]
[Date "2023.02.12"]
[Round "8.1"]
[White "Novomeska, Karin"]
[Black "Zlamal, Marek"]
[Result "1-0"]
[WhiteElo "1788"]
[BlackElo "1896"]
[PlyCount "45"]
[EventDate "2022.10.09"]
[EventType "team-tourn"]
[EventRounds "11"]
[EventCountry "SVK"]
[SourceTitle "EXT 2024"]
[Source "ChessBase"]
[SourceDate "2023.10.10"]
[SourceVersion "1"]
[SourceVersionDate "2023.10.10"]
[SourceQuality "1"]
[WhiteTeam "Stefanov"]
[BlackTeam "Holic II"]
[WhiteTeamCountry "SVK"]
[BlackTeamCountry "SVK"]

1. d4 d5 2. c4 e6 3. Nc3 Nf6 4. Nf3 b6 5. Bg5 Be7 6. e3 0-0 7. Bd3 dxc4 8. Bxc4 Ba6 9. Bxa6 Nxa6 10. 0-0 Nd5 11. Bxe7 Nxe7 12. Qa4 Nb8 13. Rfd1 Nd5 14. Rac1 Nxc3 15. Rxc3 f6 16. Qc4 c5 17. Qxe6+ Kh8 18. Qb3 cxd4 19. Nxd4 Qe7 20. Nf5 Qe4 21. Qf7 Rg8 22. Qxg8+ Kxg8 23. Rc8+ 1-0

[Event "SVK-chT4 A21 2223"]
[Site "Slovakia"]
[Date "2022.12.11"]
[Round "5.1"]
[White "Musaev, Matej Elbek"]
[Black "Zlamal, Marek"]
[Result "1-0"]
[WhiteElo "2045"]
[BlackElo "1896"]
[PlyCount "41"]
[EventDate "2022.10.09"]
[EventType "team-tourn"]
[EventRounds "11"]
[EventCountry "SVK"]
[SourceTitle "EXT 2024"]
[Source "ChessBase"]
[SourceDate "2023.10.10"]
[SourceVersion "1"]
[SourceVersionDate "2023.10.10"]
[SourceQuality "1"]
[WhiteTeam "Piestany Kupele III"]
[BlackTeam "Holic II"]
[WhiteTeamCountry "SVK"]
[BlackTeamCountry "SVK"]

1. e4 c5 2. Nf3 Nc6 3. c3 d5 4. exd5 Qxd5 5. d4 Bg4 6. Be2 cxd4 7. cxd4 e6 8. 0-0 0-0-0 9. Be3 Bd6 10. a3 a5 11. Nc3 Qf5 12. Nb5 Bb8 13. Qa4 Nge7 14. Rac1 Rd5 15. Nc3 Rd7 16. b4 axb4 17. axb4 Bxf3 18. Bxf3 Nxd4 19. Bxd4 Rxd4 20. Nb5+ Kd8 21. Nxd4 1-0

[Event "SVK-chT3A2 2122"]
[Site "Slovakia"]
[Date "2021.10.24"]
[Round "2.2"]
[White "Zlamal, Marek"]
[Black "Liptak, Dusan"]
[Result "0-1"]
[WhiteElo "1893"]
[BlackElo "2175"]
[PlyCount "146"]
[EventDate "2021.10.10"]
[EventType "team-tourn"]
[EventRounds "11"]
[EventCountry "SVK"]
[SourceTitle "EXT 2023"]
[Source "ChessBase"]
[SourceDate "2022.10.05"]
[SourceVersion "1"]
[SourceVersionDate "2022.10.05"]
[SourceQuality "1"]
[WhiteTeam "Holic"]
[BlackTeam "Cifer II"]
[WhiteTeamCountry "SVK"]
[BlackTeamCountry "SVK"]

1. d4 d6 2. c4 e5 3. dxe5 dxe5 4. Qxd8+ Kxd8 5. g3 Be6 6. Bg2 c6 7. b3 Bc5 8. e3 Nd7 9. Nf3 f6 10. 0-0 a5 11. Nc3 Nb6 12. a4 Nh6 13. Bb2 Kc7 14. Ne4 Bf8 15. Rfd1 Nf7 16. Bc3 Be7 17. Ne1 Bf5 18. Rd2 Bxe4 19. Bxe4 Nd7 20. Nd3 Rhd8 21. f4 Bc5 22. Nxc5 Nxc5 23. Bc2 Rxd2 24. Bxd2 b6 25. Kf2 Rd8 26. Ke2 exf4 27. exf4 f5 28. Rd1 g6 29. Be3 Rxd1 30. Kxd1 Na6 31. Kd2 Nb4 32. c5 b5 33. Bd1 Nd5 34. Bd4 Nd8 35. Be2 bxa4 36. bxa4 Ne6 37. Bf2 Nf6 38. Bd3 Nd7 39. Bc4 Nexc5 40. Bxc5 Nxc5 41. Bg8 Ne4+ 42. Ke3 Nf6 43. Bf7 Kd6 44. Kd4 Nd7 45. Bg8 Ke7 46. Bb3 h6 47. Bd1 Kd6 48. Bc2 Nb6 49. h3 c5+ 50. Kd3 Kd5 51. Kc3 c4 52. g4 Kc5 53. gxf5 gxf5 54. Bxf5 Nd5+ 55. Kd2 Kd4 56. Ke2 Nxf4+ 57. Kf3 Nd3 58. Ke2 Kc3 59. h4 Nc5 60. Kd1 Nxa4 61. Kc1 Nb2 62. h5 Nd3+ 63. Kb1 Kd2 64. Bd7 c3 65. Ba4 Nf4 66. Bb3 Nxh5 67. Ba4 Nf4 68. Bb3 h5 69. Ba4 h4 70. Ka2 h3 71. Bc6 c2 72. Be4 h2 73. Bc6 Kc3 0-1

[Event "SVK-chT4 A21 2122"]
[Site "Slovakia"]
[Date "2021.10.17"]
[Round "1.1"]
[White "Zlamal, Marek"]
[Black "Sadlon, Juraj"]
[Result "1-0"]
[WhiteElo "1868"]
[BlackElo "1857"]
[PlyCount "45"]
[EventDate "2021.10.17"]
[EventType "team-tourn"]
[EventRounds "11"]
[EventCountry "SVK"]
[SourceTitle "EXT 2023"]
[Source "ChessBase"]
[SourceDate "2022.10.05"]
[SourceVersion "1"]
[SourceVersionDate "2022.10.05"]
[SourceQuality "1"]
[WhiteTeam "Holic II"]
[BlackTeam "Brezova pod Bradlom"]
[WhiteTeamCountry "SVK"]
[BlackTeamCountry "SVK"]

1. d4 Nf6 2. c4 c6 3. Nc3 d6 4. e3 g6 5. f4 d5 6. Nf3 Bg4 7. h3 Bxf3 8. Qxf3 Bg7 9. Bd2 e6 10. Be2 Nbd7 11. 0-0 Rc8 12. b4 b6 13. b5 c5 14. cxd5 cxd4 15. exd4 Nxd5 16. Nxd5 Bxd4+ 17. Ne3 Bxa1 18. Rxa1 Qf6 19. Rd1 0-0 20. Ng4 Qe7 21. Bc3 Qc5+ 22. Bd4 Qh5 23. Qf2 1-0

[Event "SVK-chT4 A21 1920"]
[Site "Slovakia"]
[Date "2020.03.08"]
[Round "10.1"]
[White "Zlamal, Marek"]
[Black "Jakubec, Milan"]
[Result "1-0"]
[WhiteElo "1843"]
[BlackElo "1995"]
[PlyCount "121"]
[EventDate "2019.10.13"]
[EventType "team-tourn"]
[EventRounds "11"]
[EventCountry "SVK"]
[SourceTitle "CBM 195 Extra"]
[Source "ChessBase"]
[SourceDate "2020.05.31"]
[SourceVersion "1"]
[SourceVersionDate "2020.05.31"]
[SourceQuality "1"]
[WhiteTeam "Holic II"]
[BlackTeam "Myjava Spartak"]
[WhiteTeamCountry "SVK"]
[BlackTeamCountry "SVK"]

1. c4 e6 2. Nc3 d5 3. cxd5 exd5 4. d4 Nf6 5. e3 c6 6. Bd3 Bd6 7. h3 0-0 8. Nf3 Re8 9. 0-0 Nbd7 10. Qc2 Qe7 11. Nd2 a6 12. a4 c5 13. b3 b6 14. Re1 Bb7 15. Ba3 Ne4 16. Ndxe4 dxe4 17. Bc4 Nf6 18. dxc5 bxc5 19. Ne2 Qe5 20. Bb2 Qg5 21. Rad1 Rad8 22. Kf1 Bc8 23. Rd2 Qh4 24. Red1 Bc7 25. Rxd8 Bxd8 26. Ng3 Bc7 27. Ne2 Ng4 28. hxg4 Bxg4 29. Ke1 Ba5+ 30. Bc3 Bxc3+ 31. Nxc3 Bxd1 32. Nxd1 Qh1+ 33. Bf1 Rd8 34. Qc4 Qh5 35. Nc3 Qe5 36. Nb1 Qb2 37. Qxe4 Qxb3 38. Be2 g6 39. f3 c4 40. Bxc4 Qb4+ 41. Kf2 a5 42. Qf4 Rd7 43. Bb5 Qb2+ 44. Kg3 Rd5 45. e4 Rc5 46. Be8 Qb7 47. Nd2 Rc2 48. Bb5 Qe7 49. Nc4 h5 50. Ne3 Rb2 51. Nd5 Qa7 52. Qe3 Qb8+ 53. e5 f5 54. Nf6+ Kg7 55. Qd4 f4+ 56. Kh2 Rb4 57. Qd7+ Kh6 58. Qh7+ Kg5 59. Bd3 Qxe5 60. Qxg6+ Kh4 61. Bf5 1-0

[Event "SVK-chT4 A21 1920"]
[Site "Slovakia"]
[Date "2020.02.23"]
[Round "9.1"]
[White "Zlamal, Marek"]
[Black "Benci, Rudolf"]
[Result "1-0"]
[WhiteElo "1843"]
[BlackElo "1636"]
[PlyCount "97"]
[EventDate "2019.10.13"]
[EventType "team-tourn"]
[EventRounds "11"]
[EventCountry "SVK"]
[SourceTitle "CBM 195 Extra"]
[Source "ChessBase"]
[SourceDate "2020.05.31"]
[SourceVersion "1"]
[SourceVersionDate "2020.05.31"]
[SourceQuality "1"]
[WhiteTeam "Holic II"]
[BlackTeam "Senica CVC II"]
[WhiteTeamCountry "SVK"]
[BlackTeamCountry "SVK"]

1. e4 c5 2. c4 Nc6 3. Nf3 d6 4. h3 Nf6 5. Nc3 e6 6. Be2 Be7 7. d3 a6 8. a4 Bd7 9. 0-0 0-0 10. Be3 Qc7 11. Nh2 Nd4 12. f4 b5 13. Nf3 b4 14. Nb1 e5 15. Nbd2 Ne8 16. f5 Nc6 17. b3 Kh8 18. Ng5 Qd8 19. Ngf3 Rg8 20. Nh2 Bg5 21. Bf2 Nd4 22. Ndf3 g6 23. fxg6 Rxg6 24. Nxd4 cxd4 25. Bh5 Rg7 26. Bg4 Bc6 27. Bf5 Nf6 28. Kh1 Qg8 29. Rg1 Bf4 30. Nf3 Bg3 31. Bxg3 Rxg3 32. Nh2 Qg5 33. Nf1 Nh5 34. Bg4 Rxg4 35. Qxg4 Qxg4 36. hxg4 Nf4 37. Ng3 Nxd3 38. Rgf1 Kg8 39. Nf5 Nc5 40. Ne7+ Kf8 41. Nxc6 Nxb3 42. Ra2 Rc8 43. Nxb4 a5 44. Nd5 Rxc4 45. Raf2 Rxa4 46. Rxf7+ Kg8 47. Ne7+ Kh8 48. Rf8+ Kg7 49. g5 1-0

[Event "Skalica op"]
[Site "Skalica"]
[Date "2020.01.11"]
[Round "7"]
[White "Ostradicky, Dusan"]
[Black "Zlamal, Marek"]
[Result "0-1"]
[WhiteElo "1611"]
[BlackElo "1873"]
[PlyCount "86"]
[EventDate "2020.01.11"]
[EventType "swiss"]
[EventRounds "9"]
[EventCountry "SVK"]
[SourceTitle "CBM 194 Extra"]
[Source "ChessBase"]
[SourceDate "2020.03.31"]
[SourceVersion "1"]
[SourceVersionDate "2020.03.31"]
[SourceQuality "1"]

1. e4 c5 2. Nf3 Nc6 3. d4 cxd4 4. Nxd4 e5 5. Nb5 d6 6. N1c3 a6 7. Na3 b5 8. Nd5 Be7 9. Be2 h6 10. c3 Nf6 11. Nxf6+ Bxf6 12. Nc2 Ne7 13. Ne3 Bb7 14. Nd5 Nxd5 15. exd5 0-0 16. 0-0 Be7 17. c4 bxc4 18. Bxc4 f5 19. f4 e4 20. Be3 Qa5 21. Qd2 Qxd2 22. Bxd2 Bf6 23. Rab1 Rac8 24. b3 Rfe8 25. Be3 a5 26. Rbd1 a4 27. Bd4 Bxd4+ 28. Rxd4 axb3 29. axb3 Ra8 30. Re1 Rec8 31. Rd2 Rc5 32. Re3 Kf7 33. Kf2 Kf6 34. g3 Ra1 35. Kg2 Rca5 36. Rd4 R5a2+ 37. Kh3 g5 38. Re2 Rxe2 39. Bxe2 Ra2 40. Bh5 Ba6 41. g4 Bf1+ 42. Kg3 Rg2+ 43. Kh3 Rxg4# 0-1

[Event "Skalica op"]
[Site "Skalica"]
[Date "2020.01.11"]
[Round "4"]
[White "Zlamal, Marek"]
[Black "Skreno, Vladimir"]
[Result "1-0"]
[WhiteElo "1873"]
[BlackElo "2114"]
[PlyCount "69"]
[EventDate "2020.01.11"]
[EventType "swiss"]
[EventRounds "9"]
[EventCountry "SVK"]
[SourceTitle "CBM 194 Extra"]
[Source "ChessBase"]
[SourceDate "2020.03.31"]
[SourceVersion "1"]
[SourceVersionDate "2020.03.31"]
[SourceQuality "1"]

1. e4 c5 2. c4 Nc6 3. Nc3 d6 4. d3 g6 5. Nf3 Bg4 6. Be2 Bxf3 7. Bxf3 Bg7 8. 0-0 e6 9. Rb1 Nge7 10. a3 0-0 11. Bf4 Nd4 12. Nb5 Nxb5 13. cxb5 a6 14. bxa6 Rxa6 15. Qd2 Re8 16. Bg5 Qd7 17. g3 Nc6 18. Bg2 Rc8 19. Be3 b5 20. f4 Nd4 21. Kh1 Qc7 22. f5 exf5 23. Bxd4 Bxd4 24. exf5 Re8 25. Bd5 Re5 26. fxg6 Rxd5 27. gxf7+ Kf8 28. Qh6+ Bg7 29. Qxh7 Rg5 30. Rbe1 Qc6+ 31. Re4 Bxb2 32. Qh6+ Bg7 33. Qxg5 Ra8 34. Rff4 c4 35. Rg4 1-0

[Event "SVK-chT4 A21 1920"]
[Site "Slovakia"]
[Date "2019.12.01"]
[Round "4.1"]
[White "Slaba, Andrea"]
[Black "Zlamal, Marek"]
[Result "1/2-1/2"]
[WhiteElo "1966"]
[BlackElo "1856"]
[PlyCount "159"]
[EventDate "2019.10.13"]
[EventType "team-tourn"]
[EventRounds "11"]
[EventCountry "SVK"]
[SourceTitle "CBM 193 Extra"]
[Source "ChessBase"]
[SourceDate "2020.01.31"]
[SourceVersion "1"]
[SourceVersionDate "2020.01.31"]
[SourceQuality "1"]
[WhiteTeam "Chtelnica Kamenar"]
[BlackTeam "Holic II"]
[WhiteTeamCountry "SVK"]
[BlackTeamCountry "SVK"]

1. d4 d5 2. c4 e6 3. Nc3 Nf6 4. cxd5 exd5 5. Bg5 Be7 6. e3 Bf5 7. Qb3 Nbd7 8. Bf4 Nb6 9. Nb5 0-0 10. Bxc7 Qd7 11. Nf3 Nc4 12. Ne5 Nxe5 13. Bxe5 Rac8 14. Nc3 Ne4 15. Bb5 Qe6 16. 0-0 Nd2 17. Qxd5 Nxf1 18. Rxf1 a6 19. Ba4 Qb6 20. Qf3 Bd3 21. Rd1 Qg6 22. e4 Bc4 23. Bd7 Rcd8 24. Bf5 Qh6 25. b3 Be6 26. Nd5 Bxd5 27. exd5 Bd6 28. g4 g6 29. Be4 f6 30. Bxf6 Qxh2+ 31. Kf1 Be7 32. Bxe7 Rxf3 33. Bxf3 Rd7 34. d6 Rxd6 35. Bxd6 Qxd6 36. Bxb7 Kf7 37. Bf3 Kf6 38. d5 Kg5 39. Re1 h5 40. Re6 Qd7 41. gxh5 gxh5 42. Kg2 h4 43. Re5+ Kf6 44. Rh5 h3+ 45. Rxh3 Kg5 46. Rg3+ Kf4 47. Rg4+ Ke5 48. Re4+ Kf6 49. Re6+ Kf5 50. Rxa6 Qg7+ 51. Kh1 Qa1+ 52. Kh2 Qe1 53. Ra4 Qxf2+ 54. Bg2 Qd2 55. Kg3 Qe3+ 56. Kh2 Qe5+ 57. Kg1 Qe1+ 58. Bf1 Qg3+ 59. Kh1 Qf3+ 60. Bg2 Qh5+ 61. Kg1 Qd1+ 62. Kf2 Qd2+ 63. Kg3 Qe3+ 64. Bf3 Qg1+ 65. Kh3 Qf1+ 66. Bg2 Qd3+ 67. Kh2 Qd2 68. a3 Qh6+ 69. Bh3+ Ke5 70. Rb4 Qd2+ 71. Bg2 Qh6+ 72. Kg3 Qg5+ 73. Kf3 Qd2 74. Re4+ Kxd5 75. Re8 Kc5 76. b4+ Kb6 77. Re6+ Kc7 78. Re3 Qd5+ 79. Kg3 Qg5+ 80. Kf2 1/2-1/2

[Event "SVK-chT4 A21 1920"]
[Site "Slovakia"]
[Date "2019.10.13"]
[Round "1.1"]
[White "Zlamal, Marek"]
[Black "Musaev, Matej Elbek"]
[Result "1-0"]
[WhiteElo "1843"]
[BlackElo "1659"]
[PlyCount "103"]
[EventDate "2019.10.13"]
[EventType "team-tourn"]
[EventRounds "11"]
[EventCountry "SVK"]
[SourceTitle "CBM 193 Extra"]
[Source "ChessBase"]
[SourceDate "2020.01.31"]
[SourceVersion "1"]
[SourceVersionDate "2020.01.31"]
[SourceQuality "1"]
[WhiteTeam "Holic II"]
[BlackTeam "Piestany Kupele III"]
[WhiteTeamCountry "SVK"]
[BlackTeamCountry "SVK"]

1. e4 c5 2. Nf3 d6 3. c3 Nf6 4. h3 a6 5. Bd3 e6 6. 0-0 Be7 7. Bc2 0-0 8. d4 Nbd7 9. e5 Nd5 10. Qd3 f5 11. exf6 N5xf6 12. Ng5 c4 13. Qxc4 Nb6 14. Qe2 Kh8 15. Nxe6 Bxe6 16. Qxe6 d5 17. Bg5 Re8 18. Qf5 Ne4 19. Bxe4 dxe4 20. Bxe7 Qxe7 21. Re1 Nc4 22. b3 Nd6 23. Qg4 Rf8 24. Nd2 Rae8 25. Re2 Rf6 26. Rae1 Rg6 27. Qf4 Rf6 28. Qe3 Re6 29. c4 Nf5 30. Qc3 Qh4 31. Nf1 e3 32. fxe3 Nxd4 33. Rf2 h6 34. Rf4 Qxf4 35. exf4 Rxe1 36. Qxd4 Rc1 37. Kh2 Rc2 38. Kg3 Rxa2 39. Ne3 Ra3 40. Nf5 Rxb3+ 41. Kg4 Rg8 42. Nxh6 Rf8 43. Nf5 Rg8 44. Kg5 Kh7 45. h4 a5 46. g4 a4 47. Ne7 Ra8 48. Qd6 Ra6 49. Qd8 Ra5+ 50. f5 Rxf5+ 51. Kxf5 g6+ 52. Kg5 1-0

[Event "SVK-chT3A2 1819"]
[Site "Slovakia"]
[Date "2019.03.24"]
[Round "11.3"]
[White "Ganz, Marek"]
[Black "Zlamal, Marek"]
[Result "0-1"]
[WhiteElo "1652"]
[BlackElo "1847"]
[PlyCount "50"]
[EventDate "2018.10.07"]
[EventType "team-tourn"]
[EventRounds "11"]
[EventCountry "SVK"]
[SourceTitle "EXT 2020"]
[Source "ChessBase"]
[SourceDate "2019.10.17"]
[SourceVersion "1"]
[SourceVersionDate "2019.10.17"]
[SourceQuality "1"]
[WhiteTeam "Trnava Lokomotiva III"]
[BlackTeam "Holic"]
[WhiteTeamCountry "SVK"]
[BlackTeamCountry "SVK"]

1. e4 c5 2. Nf3 Nc6 3. d4 cxd4 4. Nxd4 e5 5. Nb5 d6 6. Be3 Nf6 7. N1c3 a6 8. Na3 b5 9. Ne2 Be6 10. Ng3 d5 11. exd5 Nxd5 12. Qd3 Nxe3 13. Qxe3 Bb4+ 14. c3 Bxa3 15. bxa3 0-0 16. Be2 Qa5 17. Qc1 Nd4 18. Bd3 Rac8 19. 0-0 Rxc3 20. Qb1 f5 21. f4 Qxa3 22. Be2 Rxg3 23. hxg3 Nxe2+ 24. Kf2 Bc4 25. Ke1 Qc3+ 0-1

[Event "SVK-chT4 A21 1819"]
[Site "Slovakia"]
[Date "2019.02.03"]
[Round "8.1"]
[White "Zlamal, Marek"]
[Black "Kocak, Branislav"]
[Result "1/2-1/2"]
[WhiteElo "1868"]
[BlackElo "1878"]
[PlyCount "22"]
[EventDate "2018.10.14"]
[EventType "team-tourn"]
[EventRounds "11"]
[EventCountry "SVK"]
[SourceTitle "CBM 189 Extra"]
[Source "ChessBase"]
[SourceDate "2019.06.03"]
[SourceVersion "1"]
[SourceVersionDate "2019.06.03"]
[SourceQuality "1"]
[WhiteTeam "Holic II"]
[BlackTeam "Gbely Nafta III"]
[WhiteTeamCountry "SVK"]
[BlackTeamCountry "SVK"]

1. e4 c5 2. Nf3 d6 3. c3 Nf6 4. d3 Nc6 5. Be2 e6 6. Nbd2 Qc7 7. Nf1 d5 8. Ng3 Be7 9. 0-0 Bd7 10. a3 a5 11. Bd2 h5 1/2-1/2

[Event "SVK-chT3A2 1819"]
[Site "Slovakia"]
[Date "2019.01.13"]
[Round "6.2"]
[White "Zlamal, Marek"]
[Black "Krist, Milan"]
[Result "0-1"]
[WhiteElo "1847"]
[BlackElo "1803"]
[PlyCount "76"]
[EventDate "2018.10.07"]
[EventType "team-tourn"]
[EventRounds "11"]
[EventCountry "SVK"]
[SourceTitle "EXT 2020"]
[Source "ChessBase"]
[SourceDate "2019.10.17"]
[SourceVersion "1"]
[SourceVersionDate "2019.10.17"]
[SourceQuality "1"]
[WhiteTeam "Holic"]
[BlackTeam "Trnava Lokomotiva II"]
[WhiteTeamCountry "SVK"]
[BlackTeamCountry "SVK"]

1. e4 e6 2. Nf3 c5 3. Be2 Nc6 4. d4 cxd4 5. Nxd4 a6 6. 0-0 Bc5 7. Nxc6 bxc6 8. c4 h6 9. Nc3 e5 10. Na4 Bd4 11. c5 Nf6 12. Qc2 0-0 13. Rb1 Qe7 14. b3 Rd8 15. Ba3 Rb8 16. Kh1 Ne8 17. Nb6 Rxb6 18. cxb6 Qxa3 19. b4 Qc3 20. Qd1 Bxb6 21. Rb3 Qd4 22. Qb1 Qd6 23. Rd1 Qe7 24. Rbd3 Bc7 25. Rg3 Nf6 26. Bc4 d5 27. exd5 cxd5 28. Bb3 e4 29. Rc3 Qe5 30. Rg3 Qh5 31. Bxd5 Rxd5 32. Rc1 Bxg3 33. fxg3 Be6 34. h3 Bxh3 35. gxh3 Qxh3+ 36. Kg1 Qxg3+ 37. Kh1 Rd2 38. Rc8+ Kh7 0-1

[Event "SVK-chT4 A21 1819"]
[Site "Slovakia"]
[Date "2018.11.11"]
[Round "3.1"]
[White "Sadlon, Juraj"]
[Black "Zlamal, Marek"]
[Result "0-1"]
[WhiteElo "1888"]
[BlackElo "1868"]
[PlyCount "40"]
[EventDate "2018.10.14"]
[EventType "team-tourn"]
[EventRounds "11"]
[EventCountry "SVK"]
[SourceTitle "CBM 189 Extra"]
[Source "ChessBase"]
[SourceDate "2019.06.03"]
[SourceVersion "1"]
[SourceVersionDate "2019.06.03"]
[SourceQuality "1"]
[WhiteTeam "Brezova pod Bradlom"]
[BlackTeam "Holic II"]
[WhiteTeamCountry "SVK"]
[BlackTeamCountry "SVK"]

1. e4 e5 2. Nf3 Nc6 3. Bb5 d6 4. 0-0 Be7 5. c3 Nf6 6. Re1 0-0 7. d3 h6 8. Nbd2 Nh7 9. Nf1 f5 10. exf5 Bxf5 11. Ne3 Bg6 12. Nd5 Bh5 13. Qb3 Kh8 14. Bxc6 bxc6 15. Nxe7 Qxe7 16. Nd2 Qh4 17. Ne4 Nf6 18. Ng3 Ng4 19. Be3 Qxh2+ 20. Kf1 Qxg3 0-1

[Event "SVK-chT3A2 1718"]
[Site "Slovakia"]
[Date "2018.03.04"]
[Round "10.6"]
[White "Stefik, Miroslav"]
[Black "Zlamal, Marek"]
[Result "1/2-1/2"]
[WhiteElo "1621"]
[BlackElo "1816"]
[PlyCount "141"]
[EventDate "2017.10.08"]
[EventType "team-tourn"]
[EventRounds "11"]
[EventCountry "SVK"]
[SourceTitle "EXT 2020"]
[Source "ChessBase"]
[SourceDate "2019.10.17"]
[SourceVersion "1"]
[SourceVersionDate "2019.10.17"]
[SourceQuality "1"]
[WhiteTeam "Cifer"]
[BlackTeam "Holic"]
[WhiteTeamCountry "SVK"]
[BlackTeamCountry "SVK"]

1. e4 e5 2. Nf3 Nc6 3. Bc4 Be7 4. Nc3 Nf6 5. 0-0 0-0 6. d3 d6 7. h3 Na5 8. Bb3 Nxb3 9. axb3 c6 10. Ne2 h6 11. Ng3 Be6 12. Nh2 Nh7 13. Nf5 Bg5 14. f4 exf4 15. Bxf4 Bxf5 16. Bxg5 Nxg5 17. exf5 f6 18. Ra4 Re8 19. Ng4 Re7 20. h4 Nf7 21. Re4 Qd7 22. Qf3 Rxe4 23. dxe4 Ne5 24. Nxe5 dxe5 25. Rd1 Qe7 26. Qd3 Rc8 27. Qc4+ Kf8 28. Qd3 Ke8 29. Qc4 Kf8 30. Qd3 b5 31. Kh2 Ke8 32. Qe2 Rd8 33. Ra1 Qc5 34. c3 Rd7 35. Qh5+ Kd8 36. Qg6 Qe3 37. Qh7 Kc7 38. Qg6 Kb7 39. Qg4 Qf4+ 40. Qg3 Rd2 41. Re1 Rxb2 42. Qxf4 exf4 43. e5 fxe5 44. Rxe5 f3 45. Kg1 Rxg2+ 46. Kf1 Rg4 47. Kf2 Rf4 48. Re7+ Kb6 49. Rxg7 Rxf5 50. Rg6 Rc5 51. c4 bxc4 52. bxc4 Rxc4 53. Rxh6 Rf4 54. h5 Rf5 55. Rh8 Rf7 56. h6 Kc5 57. Rg8 a5 58. Rg7 Rf8 59. h7 Rh8 60. Kxf3 a4 61. Ke3 Kc4 62. Kd2 a3 63. Kc2 a2 64. Kb2 Ra8 65. Ka1 Rh8 66. Kxa2 c5 67. Kb2 Kd3 68. Kc1 Kc3 69. Rg3+ Kb4 70. Rh3 c4 71. Kc2 1/2-1/2

[Event "SVK-chT4 A21 1718"]
[Site "Slovakia"]
[Date "2018.02.25"]
[Round "10.1"]
[White "Moravec, Milan"]
[Black "Zlamal, Marek"]
[Result "1-0"]
[WhiteElo "1657"]
[BlackElo "1822"]
[PlyCount "104"]
[EventDate "2017.10.01"]
[EventType "team-tourn"]
[EventRounds "11"]
[EventCountry "SVK"]
[SourceTitle "EXT 2020"]
[Source "ChessBase"]
[SourceDate "2019.10.17"]
[SourceVersion "1"]
[SourceVersionDate "2019.10.17"]
[SourceQuality "1"]
[WhiteTeam "Kopcany"]
[BlackTeam "Holic II"]
[WhiteTeamCountry "SVK"]
[BlackTeamCountry "SVK"]

1. d4 d5 2. c4 e6 3. Nc3 h6 4. e3 Nf6 5. Nf3 Be7 6. Bd3 0-0 7. 0-0 a5 8. a4 Nc6 9. b3 b6 10. cxd5 exd5 11. Bd2 Bg4 12. Be2 Bf5 13. Nh4 Bh7 14. Nf3 Nb4 15. Ne1 Rc8 16. Na2 c5 17. Nxb4 cxb4 18. Nd3 Ne4 19. Rc1 Bd6 20. Ne5 Bxe5 21. dxe5 Qe7 22. f4 Bf5 23. Bd3 Rxc1 24. Qxc1 Rc8 25. Qb2 Nxd2 26. Qxd2 Bxd3 27. Qxd3 Qc5 28. Rb1 Qc2 29. Qxc2 Rxc2 30. Kf1 Kf8 31. f5 Ke7 32. h4 Kd7 33. Rd1 Rc3 34. Rxd5+ Kc6 35. e4 Re3 36. Rd6+ Kc7 37. Rd4 Rc3 38. h5 Rc5 39. e6 fxe6 40. fxe6 Re5 41. Rd7+ Kc6 42. Rxg7 Rxe6 43. Rg6 Kd6 44. Rxe6+ Kxe6 45. Ke2 Kf6 46. g4 Kg5 47. Kf3 b5 48. axb5 a4 49. b6 a3 50. b7 a2 51. b8Q a1Q 52. Qf4+ Kh4 1-0

[Event "SVK-chT3A2 1718"]
[Site "Slovakia"]
[Date "2017.12.03"]
[Round "5.3"]
[White "Viczencz, Peter"]
[Black "Zlamal, Marek"]
[Result "1-0"]
[WhiteElo "1762"]
[BlackElo "1816"]
[PlyCount "59"]
[EventDate "2017.10.08"]
[EventType "team-tourn"]
[EventRounds "11"]
[EventCountry "SVK"]
[SourceTitle "EXT 2020"]
[Source "ChessBase"]
[SourceDate "2019.10.17"]
[SourceVersion "1"]
[SourceVersionDate "2019.10.17"]
[SourceQuality "1"]
[WhiteTeam "Dunajska Streda II"]
[BlackTeam "Holic"]
[WhiteTeamCountry "SVK"]
[BlackTeamCountry "SVK"]

1. e4 e5 2. Nf3 Nc6 3. d4 exd4 4. Bc4 Be7 5. Nxd4 Nf6 6. Nc3 Ne5 7. Bb3 a6 8. 0-0 c5 9. Nf5 0-0 10. Nd5 Nxd5 11. Bxd5 Rb8 12. b3 Bf6 13. Bb2 g6 14. f4 Nc6 15. e5 Bg7 16. Nd6 Ne7 17. Be4 f6 18. Bd5+ Kh8 19. Nf7+ Rxf7 20. Bxf7 f5 21. Qd6 Nc6 22. Rad1 b5 23. Qxc6 Bb7 24. Qxd7 Qf8 25. Rfe1 c4 26. bxc4 Qc5+ 27. Bd4 Qb4 28. e6 Qf8 29. e7 Qxf7 30. e8R+ 1-0

[Event "SVK-chT3A2 1718"]
[Site "Slovakia"]
[Date "2017.11.19"]
[Round "4.4"]
[White "Zajicek, Ferdinand"]
[Black "Zlamal, Marek"]
[Result "0-1"]
[WhiteElo "1806"]
[BlackElo "1816"]
[PlyCount "100"]
[EventDate "2017.10.08"]
[EventType "team-tourn"]
[EventRounds "11"]
[EventCountry "SVK"]
[SourceTitle "EXT 2020"]
[Source "ChessBase"]
[SourceDate "2019.10.17"]
[SourceVersion "1"]
[SourceVersionDate "2019.10.17"]
[SourceQuality "1"]
[WhiteTeam "Gbely Nafta II"]
[BlackTeam "Holic"]
[WhiteTeamCountry "SVK"]
[BlackTeamCountry "SVK"]

1. e4 c5 2. Nf3 Nc6 3. d4 cxd4 4. Nxd4 e5 5. Nf3 Nf6 6. Bd3 d5 7. Bg5 Be7 8. Bxf6 Bxf6 9. 0-0 d4 10. h3 0-0 11. Nh2 Bg5 12. Nd2 Qb6 13. Nc4 Qc7 14. Qh5 Qe7 15. Qf3 b5 16. Na3 a6 17. Qg3 Be6 18. Nf3 Bf4 19. Qh4 Qb4 20. Rfb1 Qc5 21. Rd1 Nb4 22. Ng5 Bxg5 23. Qxg5 Bxa2 24. f4 f6 25. Qg4 Bf7 26. f5 Nc6 27. Nb1 Bc4 28. Na3 Nb4 29. Kh2 Rfc8 30. h4 Qe7 31. h5 h6 32. Qe2 Bf7 33. g4 Nc6 34. Rdc1 Be8 35. Qd2 Nd8 36. b3 Nb7 37. c4 dxc3 38. Rxc3 Rxc3 39. Qxc3 b4 40. Qc4+ Bf7 41. Qc6 bxa3 42. Bxa6 Rb8 43. Rd1 Nc5 44. Ra1 Nxa6 45. Qxa6 Rxb3 46. Qa8+ Kh7 47. Rd1 Qb7 48. Qf8 Qxe4 49. Rg1 Bd5 50. Qe8 Qf4+ 0-1

[Event "SVK-chT3A2 1718"]
[Site "Slovakia"]
[Date "2017.10.22"]
[Round "2.3"]
[White "Babirat, Michal"]
[Black "Zlamal, Marek"]
[Result "0-1"]
[WhiteElo "1830"]
[BlackElo "1816"]
[PlyCount "48"]
[EventDate "2017.10.08"]
[EventType "team-tourn"]
[EventRounds "11"]
[EventCountry "SVK"]
[SourceTitle "EXT 2020"]
[Source "ChessBase"]
[SourceDate "2019.10.17"]
[SourceVersion "1"]
[SourceVersionDate "2019.10.17"]
[SourceQuality "1"]
[WhiteTeam "Trnava Lokomotiva III"]
[BlackTeam "Holic"]
[WhiteTeamCountry "SVK"]
[BlackTeamCountry "SVK"]

1. c4 e5 2. Nc3 c5 3. g3 Nc6 4. Bg2 d6 5. e3 Nf6 6. Nge2 Bf5 7. d3 Be7 8. 0-0 0-0 9. a3 Qd7 10. d4 exd4 11. exd4 Bh3 12. Be3 cxd4 13. Nxd4 Ne5 14. Qe2 Bxg2 15. Kxg2 d5 16. cxd5 Nxd5 17. Bd2 Bf6 18. Ne4 Rfe8 19. Nxf6+ Nxf6 20. Bc3 Qd5+ 21. Kg1 Ne4 22. Rfd1 Ng5 23. Qh5 Nef3+ 24. Kf1 Nxd4 0-1